| 000 | 01136nam a2200313 a 4500 | ||
|---|---|---|---|
| 001 | 2028568 | ||
| 005 | 20170105102938.0 | ||
| 008 | 920117s1991 ii b 000 0 eng | ||
| 010 | _a 91906759 | ||
| 020 |
_a0333926498 : _cRs195.00 |
||
| 025 | _aI-E-66261 | ||
| 040 |
_aDLC _cDLC _dDLC |
||
| 043 | _aaz----- | ||
| 050 | 0 | 0 |
_aDS341 _b.P64 1991 |
| 082 |
_a320.954 _bPOL 1991 |
||
| 245 | 0 | 0 |
_aPolitical dimensions of South Asian cooperation / _cwith an overview by Bimal Prasad ; edited by V. Kanesalingam. |
| 260 |
_aNew Delhi : _bMacmillan India, _c1991. |
||
| 300 |
_aix, 226 p. ; _c22 cm. |
||
| 500 | _a"Committee on Studies for Cooperation in Development in South Asia." | ||
| 500 | _aContributed articles. | ||
| 504 | _aIncludes bibliographical references. | ||
| 650 | 0 | _aSouth Asian cooperation. | |
| 651 | 0 |
_aSouth Asia _xPolitics and government. |
|
| 700 | 1 |
_aKanesalingam, V., _d1916- |
|
| 710 | 2 | _aCommittee on Studies for Cooperation in Development in South Asia. | |
| 906 |
_a7 _bcbc _corignew _d3 _encip _f19 _gy-gencatlg |
||
| 942 |
_2ddc _cBK |
||
| 999 |
_c16369 _d16369 |
||